000 00617ngm a2200217 a 4500
005 20180803165137.0
008 140122b1996 ck ||||| |||| 00| 0 spa d
040 _aCO-BoIAVH
_cCO-BoIAVH
041 _aspa
090 _aAV-
_b00279
110 _bInstituto de Investigación de Recursos Biológicos Alexander von Humboldt
_bUnidad Cinematográfica de Historia Natural
_911791
245 _aBiodiversidad
257 _aColombia
300 _a3 min.
650 _aBiodiversidad
_992204
650 _aFlora
_992293
650 _aFauna
_979674
650 _aVideoclip
_94768
942 _cVHS
_2z
945 _d2004-07-14
999 _c3992
_d3992